Business management in the local church / (Record no. 6166)
[ view plain ]
| 000 -LEADER | |
|---|---|
| fixed length control field | 00927cam a2200241 a 4500 |
| 001 - CONTROL NUMBER | |
| control field | 2591717 |
| 005 - DATE AND TIME OF LATEST TRANSACTION | |
| control field | 20250602173332.0 |
| 008 - FIXED-LENGTH DATA ELEMENTS--GENERAL INFORMATION | |
| fixed length control field | 961008s1996 ilua b 000 0 eng |
| 020 ## - INTERNATIONAL STANDARD BOOK NUMBER | |
| International Standard Book Number | 0802409342 |
| 050 00 - LIBRARY OF CONGRESS CALL NUMBER | |
| Classification number | BV652 |
| Item number | .P65 1996 |
| 082 00 - DEWEY DECIMAL CLASSIFICATION NUMBER | |
| Classification number | 254 |
| Edition information | 21 |
| 100 1# - MAIN ENTRY--PERSONAL NAME | |
| Personal name | Pollock, David R. |
| 245 10 - TITLE STATEMENT | |
| Title | Business management in the local church / |
| Statement of responsibility, etc. | David R. Pollock ; foreword by Larry Burkett. |
| 250 ## - EDITION STATEMENT | |
| Edition statement | Moody Press rev. & expanded ed. |
| 260 ## - PUBLICATION, DISTRIBUTION, ETC. | |
| Place of publication, distribution, etc. | Chicago : |
| Name of publisher, distributor, etc. | Moody Press, |
| Date of publication, distribution, etc. | 1996. |
| 300 ## - PHYSICAL DESCRIPTION | |
| Extent | 221 p. : |
| Other physical details | ill. ; |
| Dimensions | 28 cm. |
| 650 #0 - SUBJECT ADDED ENTRY--TOPICAL TERM | |
| Topical term or geographic name entry element | Church management. |
| 650 #0 - SUBJECT ADDED ENTRY--TOPICAL TERM | |
| Topical term or geographic name entry element | Church finance. |
| 856 42 - ELECTRONIC LOCATION AND ACCESS | |
| Materials specified | Publisher description |
| Uniform Resource Identifier | <a href="http://www.loc.gov/catdir/enhancements/fy0609/96207201-d.html">http://www.loc.gov/catdir/enhancements/fy0609/96207201-d.html</a> |
| 856 42 - ELECTRONIC LOCATION AND ACCESS | |
| Materials specified | Contributor biographical information |
| Uniform Resource Identifier | <a href="http://www.loc.gov/catdir/enhancements/fy1311/96207201-b.html">http://www.loc.gov/catdir/enhancements/fy1311/96207201-b.html</a> |
| 856 41 - ELECTRONIC LOCATION AND ACCESS | |
| Materials specified | Table of contents only |
| Uniform Resource Identifier | <a href="http://www.loc.gov/catdir/enhancements/fy1311/96207201-t.html">http://www.loc.gov/catdir/enhancements/fy1311/96207201-t.html</a> |
| 942 ## - ADDED ENTRY ELEMENTS (KOHA) | |
| Source of classification or shelving scheme | Library of Congress Classification |
| Koha item type | Books |
| Suppress in OPAC | No |
| 999 ## - | |
| -- | 6166 |
| -- | 6166 |
| Withdrawn status | Lost status | Source of classification or shelving scheme | Damaged status | Not for loan | Collection | Home library | Current library | Shelving location | Date acquired | Total checkouts | Full call number | Barcode | Date last seen | Copy number | Price effective from | Koha item type |
|---|---|---|---|---|---|---|---|---|---|---|---|---|---|---|---|---|
| Library of Congress Classification | Non-fiction | Undergraduate Library (Christ Temple) | Undergraduate Library (Christ Temple) | General stacks | 06/02/2025 | BV 652 POL | ulct00002871 | 06/02/2025 | 1 | 06/02/2025 | Books | |||||
| Library of Congress Classification | Non-fiction | Undergraduate Library (Christ Temple) | Undergraduate Library (Christ Temple) | General stacks | 06/02/2025 | BV 652 POL | ulct00002872 | 06/02/2025 | 2 | 06/02/2025 | Books |